[Event "CHI-chT"]
[Site "Chile"]
[Date "2023.11.08"]
[Round "4.2"]
[White "Parra Azocar, Jonathan Alejandro"]
[Black "Munoz Tolosa, Vicente Ignacio"]
[Result "1/2-1/2"]
[WhiteElo "1476"]
[BlackElo "1502"]
[PlyCount "80"]
[EventDate "2023.11.07"]
[EventType "team-tourn"]
[EventRounds "7"]
[EventCountry "CHI"]
[SourceTitle "CBM 217 Extra"]
[Source "ChessBase"]
[SourceDate "2024.01.31"]
[SourceVersion "1"]
[SourceVersionDate "2024.01.31"]
[SourceQuality "1"]
[WhiteTeam "UTEM"]
[BlackTeam "USM (V)"]
[WhiteTeamCountry "CHI"]
[BlackTeamCountry "CHI"]

1. c4 c6 2. g3 d5 3. cxd5 cxd5 4. d4 Nf6 5. Bg2 Nc6 6. Nc3 g6 7. Nf3 Bg7 8. 0-0 0-0 9. h3 Bf5 10. e3 Ne4 11. Nxe4 Bxe4 12. Nd2 Bxg2 13. Kxg2 Rc8 14. Nf3 Qd7 15. Bd2 Rfd8 16. Bc3 h5 17. Qd2 Qf5 18. Rfd1 e5 19. dxe5 Nxe5 20. Nxe5 Bxe5 21. Qd3 Qf6 22. Bxe5 Qxe5 23. Rd2 Rc6 24. Rad1 Rb6 25. e4 d4 26. f4 Qe6 27. b3 Rc6 28. Qe2 h4 29. Rxd4 Rxd4 30. Rxd4 Qf6 31. Qd2 hxg3 32. Kxg3 Kh7 33. e5 Qf5 34. Qd3 Qc8 35. Rc4 b5 36. Rxc6 Qxc6 37. Qd8 Qc3+ 38. Kg4 Qc2 39. Qh4+ Kg7 40. Qf6+ Kg8 1/2-1/2

[Event "CHI-chT"]
[Site "Chile"]
[Date "2023.11.07"]
[Round "2.3"]
[White "Conejeros Fredes, Tomas Gabriel"]
[Black "Munoz Tolosa, Vicente Ignacio"]
[Result "0-1"]
[WhiteElo "1411"]
[BlackElo "1502"]
[PlyCount "150"]
[EventDate "2023.11.07"]
[EventType "team-tourn"]
[EventRounds "7"]
[EventCountry "CHI"]
[SourceTitle "CBM 217 Extra"]
[Source "ChessBase"]
[SourceDate "2024.01.31"]
[SourceVersion "1"]
[SourceVersionDate "2024.01.31"]
[SourceQuality "1"]
[WhiteTeam "UBB"]
[BlackTeam "USM (V)"]
[WhiteTeamCountry "CHI"]
[BlackTeamCountry "CHI"]

1. e4 c5 2. Nf3 d6 3. d3 g6 4. g3 Bg7 5. Bg2 Nc6 6. 0-0 e5 7. Nbd2 Nge7 8. c3 0-0 9. Nh4 Be6 10. f4 Qd7 11. Rf2 Rad8 12. Ndf3 d5 13. Rd2 Qc7 14. Ng5 exf4 15. Nxe6 fxe6 16. Qg4 Qd6 17. gxf4 Rxf4 18. Qh3 g5 19. Nf3 g4 20. Qh5 gxf3 21. Bxf3 Qe5 22. Qh3 Rdf8 23. Rf2 R4f6 24. Bd2 Ng6 25. exd5 exd5 26. Re1 Qf5 27. Qg2 Kh8 28. Bg5 Re6 29. Rxe6 Qxe6 30. Bxd5 Qe1+ 31. Rf1 Rxf1+ 32. Qxf1 Qxf1+ 33. Kxf1 Be5 34. h3 Nf4 35. Bxf4 Bxf4 36. Kf2 Kg7 37. Kf3 Bc1 38. b3 Kf6 39. Bg8 h6 40. Ke4 Bb2 41. c4 b6 42. Bh7 Ne7 43. Kf4 Be5+ 44. Kg4 Ng6 45. Kh5 Nf4+ 46. Kxh6 Nxh3 47. Kh5 Nf2 48. Kh4 Bf4 49. a3 a5 50. a4 Ke5 51. Kh5 Kd4 52. Kg6 Nxd3 53. Kf6 Nc1 54. Ke6 Nxb3 55. Kf5 Bd2 56. Bg8 Bb4 57. Kf4 Nd2 58. Bf7 Nxc4 59. Kf3 Nb2 60. Ke2 Nxa4 61. Kd1 Nc3+ 62. Kc2 a4 63. Kb2 c4 64. Bg6 a3+ 65. Ka1 b5 66. Bd3 Ne4 67. Bc2 Bc5 68. Bb1 b4 69. Bc2 b3 70. Bb1 Ke3 71. Bc2 Bd4+ 72. Kb1 a2+ 73. Kc1 b2+ 74. Kd1 Nf2+ 75. Ke1 a1Q+ 0-1